Jonathan Livingston Seagull : (Record no. 15827)

MARC details
000 -LEADER
fixed length control field 04077nam a2200481 a 4500
005 - DATE AND TIME OF LATEST TRANSACTION
control field 19970826110403.2
008 - FIXED-LENGTH DATA ELEMENTS--GENERAL INFORMATION
fixed length control field 900214r19901970nyuaf | 00| 0 eng
010 ## - LCCN (DPL NO)
LC control number B-310541-555
020 ## - INTERNATIONAL STANDARD BOOK NUMBER
International Standard Book Number 817223578x
Terms of availability 195.00
020 ## - INTERNATIONAL STANDARD BOOK NUMBER
International Standard Book Number 9788172235789
Terms of availability 195.00
035 ## - SYSTEM CONTROL NUMBER
System control number B-310541-555
035 ## - SYSTEM CONTROL NUMBER
System control number B-359013
037 ## - SOURCE OF ACQUISITION
Source of stock number/acquisition GDMK
040 ## - CATALOGING SOURCE
Original cataloging agency dpl
Language of cataloging English
082 ## - DEWEY DECIMAL CLASSIFICATION NUMBER
Classification number 883
100 ## - MAIN ENTRY--PERSONAL NAME
Personal name Bach, Richard
245 ## - TITLE STATEMENT
Title Jonathan Livingston Seagull :
Statement of responsibility, etc by Richard Bach ; photographed by Russell Munson
Remainder of title a story /
260 ## - PUBLICATION, DISTRIBUTION, ETC. (IMPRINT)
Place of publication, distribution, etc Uttar Pradesh
Name of publisher, distributor, etc HarperCollins
Date of publication, distribution, etc 2008
270 ## - ADDRESS
Address A-53,Sector 57, Noida
City Uttar Pradesh
Postal code 201301
300 ## - PHYSICAL DESCRIPTION
Extent 87 p. :
Other physical details photos
Dimensions 23 cm. (pbk)
500 ## - GENERAL NOTE
General note Accompanied by: Epilogue to the twentieth anniversary ed.
650 ## - SUBJECT ADDED ENTRY--TOPICAL TERM
Topical term or geographic name as entry element Gulls
General subdivision Fiction.
700 ## - ADDED ENTRY--PERSONAL NAME
Personal name Munson, Russell
942 ## - ADDED ENTRY ELEMENTS (KOHA)
Source of classification or shelving scheme Dewey Decimal Classification
Item type English Books
Classification part 883
Call number suffix BAC
Holdings
Withdrawn status Lost status Source of classification or shelving scheme Damaged status Not for loan Collection code Home library Current library Date acquired Source of acquisition Cost, normal purchase price Total Checkouts Full call number Barcode Date last seen Copy number Cost, replacement price Koha item type Total Renewals
    Dewey Decimal Classification     Non-fiction Andrews Gunj Andrews Gunj 17/04/2009 GDMK /113 /12.1.09 /233 /12.12.08 /13.1.09 195.00 1 883 BAC B-310548 28/06/2022 1 195.00 English Books  
    Dewey Decimal Classification     Non-fiction Bawana Bawana 17/04/2009 GDMK /113 /12.1.09 /233 /12.12.08 /13.1.09 195.00 3 883 BAC B-310553 27/10/2023 1 195.00 English Books 1
    Dewey Decimal Classification     Non-fiction Central Library Central Library 27/09/2008 GDMK /113 /12.1.09 /233 /12.12.08 /13.1.09 195.00   883 BAC B-310541 27/09/2008 1 195.00 English Books  
  Written-off vide DLB M. No. 383 dt 16.05.19 Dewey Decimal Classification       Janak Puri Janak Puri 29/09/2009 GDMK/084/26.9.09/98/4.9.09/26.9.09 195.00 10 883 BAC B-359013 28/06/2018 1 195.00 English Books  
    Dewey Decimal Classification     Non-fiction Karol Bagh Karol Bagh 17/04/2009 GDMK /113 /12.1.09 /233 /12.12.08 /13.1.09 195.00   883 BAC B-310551 17/04/2009 1 195.00 English Books  
    Dewey Decimal Classification     Non-fiction Kasturba Gandhi Marg Kasturba Gandhi Marg 17/04/2009 GDMK /113 /12.1.09 /233 /12.12.08 /13.1.09 195.00   883 BAC B-310544 17/04/2009 1 195.00 English Books  
    Dewey Decimal Classification     Non-fiction Narela Narela 17/04/2009 GDMK /113 /12.1.09 /233 /12.12.08 /13.1.09 195.00   883 BAC B-310552 17/04/2009 1 195.00 English Books  
    Dewey Decimal Classification     Non-fiction New Police Line New Police Line 17/04/2009 GDMK /113 /12.1.09 /233 /12.12.08 /13.1.09 195.00   883 BAC B-310542 17/04/2009 1 195.00 English Books  
    Dewey Decimal Classification     Non-fiction Patel Nagar Patel Nagar 17/04/2009 GDMK /113 /12.1.09 /233 /12.12.08 /13.1.09 195.00   883 BAC B-310543 17/04/2009 1 195.00 English Books  
    Dewey Decimal Classification     Non-fiction Peshwa Road Peshwa Road 17/04/2009 GDMK /113 /12.1.09 /233 /12.12.08 /13.1.09 195.00   883 BAC B-310545 17/04/2009 1 195.00 English Books  
    Dewey Decimal Classification     Non-fiction R.K.Puram-8 R.K.Puram-8 17/04/2009 GDMK /113 /12.1.09 /233 /12.12.08 /13.1.09 195.00 2 883 BAC B-310547 11/08/2023 1 195.00 English Books 1
    Dewey Decimal Classification     Non-fiction Sarojini Nagar Sarojini Nagar 17/04/2009 GDMK /113 /12.1.09 /233 /12.12.08 /13.1.09 195.00 2 883 BAC B-310546 01/04/2026 1 195.00 English Books  
    Dewey Decimal Classification     Non-fiction Shahdara Branch Shahdara Branch 17/04/2009 GDMK /113 /12.1.09 /233 /12.12.08 /13.1.09 195.00   883 BAC B-310554 17/04/2009 1 195.00 English Books  
    Dewey Decimal Classification     Non-fiction Sriniwas Puri Sriniwas Puri 17/04/2009 GDMK /113 /12.1.09 /233 /12.12.08 /13.1.09 195.00   883 BAC B-310549 17/04/2009 1 195.00 English Books  
    Dewey Decimal Classification     Non-fiction Vigyan Vihar Vigyan Vihar 17/04/2009 GDMK /113 /12.1.09 /233 /12.12.08 /13.1.09 195.00   883 BAC B-310555 17/04/2009 1 195.00 English Books  
    Dewey Decimal Classification     Non-fiction Vinoba Puri Vinoba Puri 17/04/2009 GDMK /113 /12.1.09 /233 /12.12.08 /13.1.09 195.00 7 883 BAC B-310550 14/01/2013 1 195.00 English Books  

© Delhi Public Library
Hit Counter
free hit counter